Định hướng chiến lược phát triễn nghành nghề đào tạo của trường Đại học sư phạm - Đại học Đà Nẵng trong giai thoại sắp tới.

Đã lưu trong:
書目詳細資料
主要作者: Nguyễn Tấn Lê TS. (Chủ nhiệm đề tài)
格式: 圖書
出版: 2001
標簽: 添加標簽
沒有標簽, 成為第一個標記此記錄!
Thư viện lưu trữ: Mạng thư viện Đại học Đà Nẵng
LEADER 00800nam a2200229 4500
001 000020427
003 16873
005 20150318100348.0
008 150318s2001 sd
100 1 |a Nguyễn Tấn Lê  |c TS.  |e Chủ nhiệm đề tài 
245 1 0 |a Định hướng chiến lược phát triễn nghành nghề đào tạo của trường Đại học sư phạm - Đại học Đà Nẵng trong giai thoại sắp tới.  |c Nguyễn Tấn Lê 
260 |c 2001 
500 |a Đề tài NCKH cấp Bộ . Mã số : B2001- 16-11 
OWN |a LSP 
999 |a From the UDN01 
TYP |a Mixed Materials 
TYP |a Monograph 
TYP |a Printed language 
980 |a Mạng thư viện Đại học Đà Nẵng